| 000 | 00657cam a22002058i 4500 | ||
|---|---|---|---|
| 008 | 171027s2019 mou b 001 0 eng | ||
| 020 | _a9780323479141 (pbk. : alk. paper) | ||
| 050 | 0 | 0 | _aRD99.24 |
| 082 | 0 | 0 | _a617/.0231 |
| 245 | 0 | 0 |
_aAlexander's care of the patient in surgery / _c[edited by] Jane Rothrock ; associate editor, Donna McEwen. |
| 250 | _a16th edition. | ||
| 260 |
_aMissouri _bElsevier Ltd _c2019 |
||
| 300 | _axx,1225p | ||
| 650 | 1 | 2 |
_aPerioperative Nursing _xmethods |
| 650 | 2 | 2 |
_aNursing Care _xmethods |
| 650 | 2 | 2 |
_aSurgical Procedures, Operative _xnursing |
| 700 | 1 | _aRothrock, Jane C., | |
| 700 | 1 | _aMcEwen, Donna R., | |
| 942 | _cBK | ||
| 999 |
_c2610 _d2610 |
||